000 00710nam a2200253Ia 4500
003 OSt
005 20220918202416.0
006 a|||||r|||| 00| 0
007 ta
008 220917b |||||||| |||| 00| 0 eng d
024 _a101,031
037 _cTextual
040 _aARTS
_cARTS
_beng
041 _2eng
_aeng
082 _aV235:71, L4
100 _aDeo Shantaram Bhalchandra
245 0 _aExcavtions at Bhokardan
260 _aNagpur
_bVidyapeeth Mudranalaya
_c1974
300 _a235p. plates
_ccm.
650 _aHISTORY
700 _a Gupte Ramesh Shankar
_951176
942 _hV235:71, L4
_cTEXL
_2CC
999 _c224547
_d224547